La France en 50 images - Statistiques

Statistiques générales
  • Ce quiz a été pris 767 fois
  • Le résultat moyen est 43 sur 50
Statistiques - réponses
Par images Hint Réponse % Correct
Animal Coq
100%
Spécialité Croissant
100%
Monument Tour Eiffel
99%
Spécialité Baguette
98%
Marque de prêt-à-porter Lacoste
98%
Musée Musée du Louvre
98%
Empereur Napoléon Bonaparte
98%
Sport Pétanque
98%
Personnage fictif Astérix
97%
Plat Croque-monsieur
97%
Footballeur Zinédine Zidane
97%
Région Bretagne
96%
Événement sportif Tour de France
96%
Monument Arc de Triomphe
95%
Site historique Le Mont-Saint-Michel
95%
Sommet Mont Blanc
95%
Cathédrale Notre-Dame de Paris
95%
Ancien président Charles de Gaulle
94%
Acteur Louis de Funès
93%
Ville Marseille
93%
Ancien président Jacques Chirac
92%
Fromage Camembert
91%
Marque de voiture Peugeot
91%
Figure symbolique Marianne
90%
Écrivain Victor Hugo
90%
Année 1789
89%
Film Les bronzés font du ski
89%
Judoka Teddy Riner
89%
Chanteuse Édith Piaf
88%
Aérostat Montgolfière
88%
Région Normandie
87%
Spationaute Thomas Pesquet
87%
Chanteur Charles Aznavour
86%
Ville Strasbourg
83%
Vin Champagne
82%
Ville Bordeaux
81%
Région Alsace
76%
Ville Lyon
76%
Ville Toulouse
74%
Dramaturge Molière
72%
Monument Château de Chambord
70%
Île Martinique
70%
Avion Concorde
69%
Ville Lille
69%
Basilique Basilique du Sacré-Cœur
67%
Acteur Alain Delon
66%
Plat Pot-au-feu
66%
Pont Viaduc de Millau
66%
Avenue Promenade des Anglais
63%
Acteur Bourvil
61%
Aucun quiz correspondant
Distribution des résultats
% des personnes avec chaque résultat
Percentile par nombre de réponses
Votre historique - résultats
Vous n’avez pas pris ce quiz